Quiz sulla storia dell'Austria - Statistics

Statistiche generali
  • Questo quiz è stato fatto 44 volte
  • Il punteggio medio è 13 su 25
Statistiche sulle risposte
DOMANDA RISPOSTA % Corretto
Nome tedesco dell'Austria Osterreich
84%
Religione maggiormente praticata Cattolicesimo/Cattolica
76%
Dal 1273 al 1918 questa casata regnò in Austria Asburgo
74%
L'Austria poco dopo cadde sotto l'influenza di questo ducato (oggi un land della Germania) Baviera
71%
Impero che assediò Vienna nel 1683 Ottomano
71%
Regione, oggi divisa tra Italia e Austria, che nel '500 era famosa per le sue miniere Tirolo
68%
Vittoria austriaca e allo stesso tempo sconfitta epocale italiana nella WW1. Battaglia Caporetto
63%
Anno in cui Terminò l'occupazione alleata e russa dopo la WW2 1955
61%
Moglie di quest'ultimo uccisa da un anarchico italiano nel 1898 Sissi
58%
Qual era il secondo nome del noto compositore nato a Salisburgo nel 1756 Amadeus
55%
Intorno al 15 a.C. la regione venne annessa dai Romani sotto questo imperatore Augusto/Ottaviano
55%
Nel 1776 venne abolita la tortura anche grazie agli scritti del nonno di Manzoni. Qual era il suo cognome? Beccaria
55%
Uno delle più importanti città austriache fondata dai Celti Salisburgo
55%
Agli inizi del VI secolo fece la comparsa nella zona questo popolo che conquistò anche l'Italia Longobardo/Longobardi
53%
Repubblica-città che Napoleone cedette all'Austria col trattato di Campoformio nel 1797 (nomina la città) Venezia
53%
Famoso evento che si tenne a Vienna nel 1815 che diede avvio alla Restaurazione Congresso
50%
Re dal 1848 al 1916 Francesco Giuseppe
50%
Omicida dell'erede al trono Francesco Ferdinando a Sarajevo nel 1914 Gavrilo Princip/Princip
50%
Numero di siti Unesco in Austria 12
45%
Nome dell'annessione dell'Austria da parte del Terzo Reich Anschluss
45%
Famosa regina "illuminata" che regnò dal 1740 al 1780 Maria Teresa
45%
Fedelmaresciallo che sconfisse a Custoza i piemontesi sedando le rivolte risorgimentali (cognome) Radetzky
39%
Moneta austriaca prima dell'Euro Scellino
37%
Qui trovarono la luce della famose Veneri paleolitiche Willendorf
18%
Dal 1521 al 1564 uno dei fratelli di Carlo V regnò in Austria Ferdinando
13%
Nessun quiz corrispondente trovato
Distribuzione punteggi
Percentuale di utenti per punteggio
Percentile per numero di risposta
I tuoi punteggi nel tempo
Non hai fatto questo quiz